| 000 | 00378 a2200157 4500 | ||
|---|---|---|---|
| 003 | Nust | ||
| 005 | 20230316142019.0 | ||
| 040 | _cNust | ||
| 082 | _a355.02,FAR | ||
| 100 |
_aFareed, Ghulam _9110454 |
||
| 245 |
_aMy Dear Pak Fauj / _cLt Col Ghulam Fareed |
||
| 260 |
_aRawalpindi _bGHQ Press |
||
| 300 | _a136 :p | ||
| 650 |
_aPak Army _9106476 |
||
| 942 |
_2ddc _cBK _k355.02,FAR |
||
| 999 |
_c188152 _d188152 |
||